Súvaha ako súčasť účtovnej závierky spoločnosti s ručením obmedzeným diplomová práca

Salvato in:
Dettagli Bibliografici
Autore principale: Chovancová, Ivana
Ente Autore: Fakulta hospodárskej informatiky EU. Katedra účtovníctva a audítorstva
Altri autori: Sklenka, Miloš
Natura: Libro
Lingua:slovacco
Pubblicazione: Bratislava 2012
Tags: Aggiungi Tag
Nessun Tag, puoi essere il primo ad aggiungerne!!

MARC

LEADER 00000nbm a2200000 4500
001 0154695
005 20161109102138.3
041 0 |a slo 
044 |a SK 
245 1 0 |a Súvaha ako súčasť účtovnej závierky spoločnosti s ručením obmedzeným  |b diplomová práca  |c Ivana Chovancová ; školiteľ: Miloš Sklenka 
264 1 |a Bratislava  |c 2012 
300 |a 69 s. 
100 1 |a Chovancová, Ivana 
700 1 |a Sklenka, Miloš 
710 2 |a Fakulta hospodárskej informatiky EU. Katedra účtovníctva a audítorstva